Gramatika angličtiny v obrázkoch
Salvato in:
| Autore principale: | |
|---|---|
| Altri autori: | , |
| Natura: | Libro |
| Lingua: | ceco |
| Pubblicazione: |
Bratislava
Prúdy
1991
|
| Edizione: | 1. vyd. |
| Soggetti: | |
| Tags: |
Nessun Tag, puoi essere il primo ad aggiungerne!!
|
MARC
| LEADER | 00000nam a2200000 4500 | ||
|---|---|---|---|
| 001 | c000379 | ||
| 005 | 20221214093705.2 | ||
| 020 | |a 80-85355-02-7 | ||
| 041 | 0 | |a cze | |
| 044 | |a SK | ||
| 245 | 1 | 0 | |a Gramatika angličtiny v obrázkoch |c M. Dubrovin ; [Z angl. prel.] Zdenka Nováková, Anton Pisár |
| 250 | |a 1. vyd. | ||
| 264 | 1 | |a Bratislava |b Prúdy |c 1991 | |
| 300 | |a 388 s. |e príl. | ||
| 610 | 2 | 0 | |a jazykoveda |
| 610 | 2 | 0 | |a terminológia |
| 100 | 1 | |a Dubrovin, M. | |
| 700 | 1 | |a Nováková, Zdenka | |
| 700 | 1 | |a Pisár, Anton | |